All Countries with a Nobel Prize - Statistics

General Stats
  • This quiz has been taken 200 times
  • The average score is 55 of 71
Answer Stats
# Country % Correct
162 United Kingdom
98%
368 United States
98%
62 France
97%
107 Germany
97%
23 Canada
96%
26 Japan
96%
8 Spain
96%
1 Brazil
95%
11 China
95%
10 India
95%
3 Mexico
95%
23 Russia
95%
4 Finland
94%
10 South Africa
94%
30 Sweden
94%
20 Italy
93%
5 Argentina
92%
12 Australia
92%
13 Norway
92%
12 Poland
92%
21 Austria
91%
15 Denmark
91%
10 Belgium
90%
2 Turkey
90%
4 Egypt
89%
2 Greece
89%
2 Portugal
89%
2 Chile
88%
12 Israel
88%
20 Netherlands
88%
1 South Korea
88%
26 Switzerland
88%
2 Ukraine
88%
2 Colombia
86%
3 New Zealand
86%
9 Hungary
84%
1 Iran
83%
7 Ireland
83%
1 Pakistan
83%
2 Luxembourg
82%
5 Czech Republic
81%
4 Romania
81%
1 Croatia
80%
1 Peru
80%
1 Venezuela
77%
1 Bulgaria
76%
1 Iceland
76%
2 Belarus
74%
1 Morocco
73%
1 Nigeria
71%
1 Slovenia
71%
1 Vietnam
70%
1 Latvia
69%
1 Lithuania
69%
1 Bangladesh
68%
2 Algeria
66%
2 Bosnia and Herzegovina
66%
1 Taiwan
65%
1 Kenya
62%
1 Myanmar
60%
1 Cyprus
49%
2 Guatemala
49%
1 Costa Rica
48%
1 Ghana
48%
1 Macedonia
44%
1 Azerbaijan
41%
2 Saint Lucia
36%
1 Yemen
35%
1 Trinidad and Tobago
27%
2 Liberia
25%
2 East Timor
14%
No matching quizzes found
Score Distribution
Percent of People with Each Score
Percentile by Number Answered
Your Score History
You have not taken this quiz